Les plus vieux pays du monde - Statistiques

Statistiques générales
  • Ce quiz a été pris 300 fois
  • Le résultat moyen est 8 sur 14
Statistiques - réponses
Fondé en Pays % Correct
843 France
95%
1650 avant J.C. Chine
94%
753 avant J.C. Italie
87%
660 avant J.C. Japon
83%
3000 avant J.C. Egypte
79%
1600 avant J.C. Grèce
78%
2500 avant J.C. Inde
74%
550 avant J.C. Iran
67%
2334 avant J.C. Irak
58%
1200 avant J.C. Mexique
41%
202 avant J.C. Algérie
31%
976 Autriche
17%
2492 avant J.C. Arménie
15%
301 Saint-Marin
10%
Aucun quiz correspondant
Distribution des résultats
% des personnes avec chaque résultat
Percentile par nombre de réponses
Votre historique - résultats
Vous n’avez pas pris ce quiz